पि.एस. स्विकिंग / (Record no. 112515)

MARC details
000 -LEADER
fixed length control field 01031nam a22002537a 4500
005 - DATE AND TIME OF LATEST TRANSACTION
control field 20170124102940.0
010 ## - LIBRARY OF CONGRESS CONTROL NUMBER
LC control number B-066341
020 ## - INTERNATIONAL STANDARD BOOK NUMBER
Terms of availability 150.00
International Standard Book Number 8172210319
035 ## - SYSTEM CONTROL NUMBER
System control number B-066341
037 ## - SOURCE OF ACQUISITION
Source of stock number/acquisition Cen Lib/Ret
040 ## - CATALOGING SOURCE
Original cataloging agency DPL
Language of cataloging HN
082 ## - DEWEY DECIMAL CLASSIFICATION NUMBER
Classification number 827
Item number अग्रवा
100 ## - MAIN ENTRY--PERSONAL NAME
Personal name अग्रवाल, विजय
9 (RLIN) 47976
245 ## - TITLE STATEMENT
Title पि.एस. स्विकिंग /
Statement of responsibility, etc विजय अग्रवाल
246 ## - VARYING FORM OF TITLE
Title proper/short title P. S. Swiking /
Remainder of title by Vijay agarwal
260 ## - PUBLICATION, DISTRIBUTION, ETC. (IMPRINT)
Place of publication, distribution, etc दिल्ली
Name of publisher, distributor, etc साहित्य प्रकाशन
Date of publication, distribution, etc 2002
270 ## - ADDRESS
City दिल्ली
Address २०५-बी चावडी बाज़ार
Postal code 110006
300 ## - PHYSICAL DESCRIPTION
Extent 142पृ.
Dimensions 20मी(सजिल्द)
650 ## - SUBJECT ADDED ENTRY--TOPICAL TERM
Topical term or geographic name as entry element हिन्दी साहित्य
9 (RLIN) 47977
650 ## - SUBJECT ADDED ENTRY--TOPICAL TERM
Topical term or geographic name as entry element हिन्दी साहित्य -- कहानियाँ
9 (RLIN) 47978
650 ## - SUBJECT ADDED ENTRY--TOPICAL TERM
Topical term or geographic name as entry element Hindi literature
9 (RLIN) 47979
650 ## - SUBJECT ADDED ENTRY--TOPICAL TERM
Topical term or geographic name as entry element Hindi literature -- stories
9 (RLIN) 47980
942 ## - ADDED ENTRY ELEMENTS (KOHA)
Source of classification or shelving scheme Dewey Decimal Classification
Koha item type Hindi Books
Classification part 827
Call number suffix अग्रवा
Holdings
Withdrawn status Lost status Damaged status Not for loan Home library Current library Date acquired Source of acquisition Cost, normal purchase price Total Checkouts Full call number Barcode Date last seen Copy number Cost, replacement price Price effective from Koha item type
        Central Library Central Library 08/08/2015 Cen Lib/Ret 150.00   827 अग्रवा B-066341 08/08/2015 1 150.00 08/08/2015 Hindi Books

© Delhi Public Library
Hit Counter
free hit counter